Porth, Fisiopatología (Registro nro. 33631)

Detalles MARC
000 -CABECERA
Longitud fija campo de control 00835nam a2200241 b 4500
001 - NÚMERO DE CONTROL
Número de control bimo0002112205
003 - IDENTIFICADOR DELl NÚMERO DE CONTROL
Identificador del número de control OSt
005 - FECHA Y HORA DE LA ÚLTIMA TRANSACCIÓN
Fecha y hora de la última transacción 20230127231912.0
008 - CÓDIGOS DE INFORMACIÓN DE LONGITUD FIJA
Códigos de información de longitud fija 060619s2019 esp spa
020 ## - NÚMERO INTERNACIONAL NORMALIZADO PARA LIBROS
Número Internacional Normalizado para Libros (ISBN) 978-84-17602-09-3
040 ## - FUENTE DE LA CATALOGACIÓN
Centro catalogador de origen SpMaBN
Lengua de catalogación spa
Centro transcriptor BMC
Normas de descripción rdc
082 ## - NÚMERO DE LA CLASIFICACIÓN DECIMAL DEWEY
Númeroo de clasificación 612.61607
245 00 - MENCIÓN DE TÍTULO
Título Porth, Fisiopatología
Resto del título : alteraciones de la salud. Conceptos básicos
Mención de responsabilidad, etc. Tommie L. Norris, editor; [traducción, Monica Consuelo Ayala Gómez ... et al.]
250 ## - MENCIÓN DE EDICIÓN
Mención de edición 10ª ed
260 ## - PUBLICACIÓN, DISTRIBUCIÓN, ETC. (PIE DE IMPRENTA)
Lugar de publicación, distribución, etc. Philadephia, [etc.]
Nombre del editor, distribuidor, etc. Wolters Kluwer
Fecha de publicación, distribución, etc. 2019
300 ## - DESCRIPCIÓN FÍSICA
Extensión XXV, 1574 p.
Otras características físicas il. col.
Dimensiones 28 cm
500 ## - NOTA GENERAL
Nota general Incluye: eBook
505 ## - NOTA DE CONTENIDO CON FORMATO
Nota de contenido con formato Incluye: contenido adicional en linea
650 24 - PUNTO DE ACCESO ADICIONAL DE MATERIA - TÉRMINO DE MATERIA
Término de materia o nombre geográfico como elemento inicial Fisiopatología
9 (RLIN) 8043
700 1# - PUNTO DE ACCESO ADICIONAL - NOMBRE DE PERSONA
9 (RLIN) 46919
Nombre de persona Norris, Tommie L.‏
700 1# - PUNTO DE ACCESO ADICIONAL - NOMBRE DE PERSONA
9 (RLIN) 46920
Nombre de persona Ayala Gómez, Monica Consuelo
942 ## - ENTRADA DE ELEMENTOS AGREGADOS (KOHA)
Fuente de clasificaión o esquema Dewey Decimal Classification
Koha [por defecto] tipo de item 1- Monografias
Parte de clasificación prozim
Existencias
Suprimido Perdido Fuente de clasificación o esquema Estropeado Restricciones de uso No para préstamo Código de colección Localización permanente Localización actual Localización en estanter&íacute;as Fecha adquisición Fuente de adquisición Número de inventario Préstamos totales Signatura completa Código de barras Fecha última consulta Fecha último préstamo Fecha del precio de reemplazo Tipo de item de Koha Renovaciones totales Coste, precio reemplazado
NULL NULL Dewey Decimal Classification NULL Prestable NULL NULL Biblioteca Centro Regional de Ilobasco Biblioteca Centro Regional de Ilobasco Sala Principal 13/11/2024 Compra-Facultad Multidisciplinaria de Ilobasco LI006058 2 612.616 POR 1052694 19/05/2026 15/05/2026 06/01/2025 1- Monografias 1 198.00
NULL NULL Dewey Decimal Classification NULL Prestable NULL NULL Biblioteca Centro Regional de Ilobasco Biblioteca Centro Regional de Ilobasco Sala Principal 13/11/2024 Compra-Facultad Multidisciplinaria de Ilobasco LI006059 3 612.616 POR 1052695 27/02/2026 26/02/2026 06/01/2025 1- Monografias   198.00
NULL NULL Dewey Decimal Classification NULL Prestable NULL NULL Biblioteca Centro Regional de Ilobasco Biblioteca Centro Regional de Ilobasco Sala Principal 13/11/2024 Compra-Facultad Multidisciplinaria de Ilobasco LI006060 3 612.616 POR 1052696 03/06/2026 08/05/2026 06/01/2025 1- Monografias 1 198.00
NULL NULL Dewey Decimal Classification NULL Prestable NULL NULL Biblioteca Miguel de Cervantes - UNICAES Biblioteca Miguel de Cervantes - UNICAES Sala Principal 27/01/2023 Donación - Facultad de Ciencias de la Salud 035277 7 612.616 POR 1050132 17/01/2026 17/01/2026 31/01/2023 1- Monografias    
NULL NULL Dewey Decimal Classification NULL Prestable NULL NULL Biblioteca Miguel de Cervantes - UNICAES Biblioteca Miguel de Cervantes - UNICAES Sala Principal 27/01/2023 Donación - Facultad de Ciencias de la Salud 035278 2 612.616 POR 1050133 18/07/2025 15/07/2025 31/01/2023 1- Monografias 2  
NULL NULL Dewey Decimal Classification NULL Prestable NULL NULL Biblioteca Miguel de Cervantes - UNICAES Biblioteca Miguel de Cervantes - UNICAES Sala Principal 01/02/2023 Donación - Facultad de Ciencias de la Salud 035279 5 612.616 POR 1050134 18/07/2025 16/07/2025 01/02/2023 1- Monografias